Cyclisme : Les équipes de Vincenzo Nibali - Statistiques

Statistiques générales
  • Ce quiz a été pris 63 fois
  • Le résultat moyen est 13 sur 18
Statistiques - réponses
Années Pays de l'équipe Réponses % Correct
2013 Kazakhstan Astana Pro Team
100%
2014 Kazakhstan Astana Pro Team
100%
2015 Kazakhstan Astana Pro Team
100%
2016 Kazakhstan Astana Pro Team
100%
2022 Kazakhstan Astana Qazaqstan Team
100%
2019 Bahreïn Bahrain Merida
96%
2017 Bahreïn Bahrain Merida Pro Cycling Team
96%
2018 Bahreïn Bahrain Merida Pro Cycling Team
96%
2020 États-Unis Trek - Segafredo
81%
2021 États-Unis Trek - Segafredo
81%
2006 Italie Liquigas
54%
2007 Italie Liquigas
54%
2008 Italie Liquigas
54%
2009 Italie Liquigas
54%
2011 Italie Liquigas - Cannondale
54%
2012 Italie Liquigas - Cannondale
54%
2010 Italie Liquigas - Doimo
54%
2005 Italie Fassa Bortolo
6%
Aucun quiz correspondant
Distribution des résultats
% des personnes avec chaque résultat
Percentile par nombre de réponses
Votre historique - résultats
Vous n’avez pas pris ce quiz